Validating the Effectiveness of Certain Plans, For the Use or Distribution of Funds Appropriated To Pay Judgments Awarded to Indian Tribes or Groups.

Bibliographic Details
Corporate Authors: United States. Congress. House. Committee on Interior and Insular Affairs, ProQuest (Firm), United States. Congressional Budget Office, United States. Department of the Interior
Format: eBook
Language:English
Published: Washington : [publisher not identified], 1979.
Series:United States congressional serial set.
Subjects:
Online Access:Connect to the full text of this electronic book

MARC

Tag First Indicator Second Indicator Subfields
LEADER 00000cam a22000001a 4500
001 in00002829006
005 20190331172922.0
006 m o d
007 cr bn mmmapmmp
008 110624s1979 dcu o f000 0 eng d
035 |a cis2004617397 
040 |a ProQuest  |c ProQuest  |d UtOrBLW 
043 |a n-us--- 
099 |a ProQuest Serial Set Number 13299 H.rp.417 
110 1 |a United States.  |b Congress.  |b House.  |b Committee on Interior and Insular Affairs. 
245 1 0 |a Validating the Effectiveness of Certain Plans, For the Use or Distribution of Funds Appropriated To Pay Judgments Awarded to Indian Tribes or Groups. 
264 1 |a Washington :  |b [publisher not identified],  |c 1979. 
300 |a 1 online resource. 
336 |a text  |b txt  |2 rdacontent 
337 |a computer  |b c  |2 rdamedia 
338 |a online resource  |b cr  |2 rdacarrier 
490 0 |a H. Rpt. 96-417 
500 |a Record is based on bibliographic data in ProQuest U.S. Serial Set Digital Collection (last viewed June 2011). Reuse except for individual research requires license from ProQuest, LLC. 
510 3 |a ProQuest U.S. Serial Set Digital Collection 
500 |a Electronic resource. 
610 1 0 |a United States.  |b Department of the Interior. 
650 0 |a Indians of North America  |x Claims. 
655 7 |a Electronic books.  |2 local 
710 2 |a ProQuest (Firm) 
710 1 |a United States.  |b Congressional Budget Office. 
710 1 |a United States.  |b Department of the Interior. 
830 0 |a United States congressional serial set. 
856 4 0 |u http://proxy.library.tamu.edu/login?url=http://congressional.proquest.com/congcomp/getdoc?SERIAL-SET-ID=13299+H.rp.417  |z Connect to the full text of this electronic book  |t 0 
999 |a MARS 
999 f f |s 429c1b0f-2950-3e44-98e0-d1bfda8389af  |i 98abc0ca-417e-3e31-bc44-62918dae44f1  |t 0 
952 f f |a Texas A&M University  |b College Station  |c Electronic Resources  |d Available Online  |t 0  |e ProQuest Serial Set Number 13299 H.rp.417  |h Other scheme 
998 f f |a ProQuest Serial Set Number 13299 H.rp.417  |t 0  |l Available Online